Países más cercanos a Suecia - Estadísticas

Estadísticas generales
  • Esta prueba ha sido intentada 124 veces
  • La puntuación promedio es 19 de 20
Estadísticas de respuestas
km país % Correcto
0 Finlandia
100%
0 Noruega
100%
72 Alemania
99%
154 Polonia
99%
658 Bélgica
98%
433 Países Bajos
98%
208 Rusia
98%
4 Dinamarca
97%
144 Letonia
96%
150 Estonia
95%
195 Lituania
95%
710 Austria
94%
480 República Checa
91%
515 Bielorrusia
89%
685 Reino Unido
89%
776 Francia
88%
732 Luxemburgo
88%
718 Eslovaquia
85%
694 Ucrania
83%
846 Hungría
82%
No se encontraron pruebas coincidentes
Distribución de puntuación
Porcentaje de gente con cada puntuación
Porcentaje por número respondido
Historial de tus puntuaciones
No has intentado esta prueba.